Electronic and structural properties of amorphous semiconductors (Record no. 24665)
[ view plain ]
| 000 -LEADER | |
|---|---|
| fixed length control field | 00633nam a22001577a 4500 |
| 008 - FIXED-LENGTH DATA ELEMENTS--GENERAL INFORMATION | |
| fixed length control field | 230428b |||||||| |||| 00| 0 eng d |
| 040 ## - CATALOGING SOURCE | |
| Original cataloging agency | National Science Library |
| Transcribing agency | National Science Library |
| 080 ## - UNIVERSAL DECIMAL CLASSIFICATION NUMBER | |
| Universal Decimal Classification number | 537.311.33(082.2) |
| Item number | L3 |
| 245 ## - TITLE STATEMENT | |
| Title | Electronic and structural properties of amorphous semiconductors |
| Statement of responsibility, etc. | /Academic Press, Proceedings of the thirteenth session of the Scottish universities summer school in physics, 1972 |
| 260 ## - PUBLICATION, DISTRIBUTION, ETC. | |
| Place of publication, distribution, etc. | London: |
| Name of publisher, distributor, etc. | Academic Press, |
| Date of publication, distribution, etc. | 1973 |
| 300 ## - PHYSICAL DESCRIPTION | |
| Extent | xiv, 630p. |
| 650 ## - SUBJECT ADDED ENTRY--TOPICAL TERM | |
| Topical term or geographic name entry element | Amorphous semiconductors |
| 653 ## - INDEX TERM--UNCONTROLLED | |
| Uncontrolled term | Electronic properties |
| 700 ## - ADDED ENTRY--PERSONAL NAME | |
| Personal name | Comber, P G Le (Ed.) |
| 942 ## - ADDED ENTRY ELEMENTS (KOHA) | |
| Source of classification or shelving scheme | Universal Decimal Classification |
| Koha item type | Proceedings |
| Withdrawn status | Lost status | Source of classification or shelving scheme | Damaged status | Not for loan | Home library | Current library | Shelving location | Date acquired | Total Checkouts | Full call number | Barcode | Date last seen | Price effective from | Koha item type |
|---|---|---|---|---|---|---|---|---|---|---|---|---|---|---|
| Universal Decimal Classification | National Science Library | National Science Library | GF/Rk-6/C-8/R-2 | 21/08/1974 | 537.311.33(082.2) L3 | 63971 | 28/04/2023 | 21/08/1974 | Proceedings |